Statystyki dla Nazwij 7 krasnoludków

Kliknij tutaj aby rozwiązać quiz!

Ogólne statystyki

  • Ten quiz został rozwiązany 14 razy
  • Średni wynik to 3 z 7

Statystyki odpowiedzi

Krasnoludek% Poprawnych
Apsik
55%
Gapcio
55%
Gburek
55%
Mędrek
55%
Nieśmiałek
36%
Wesołek
27%
Śpiosek
0%

Rozkład punktacji

Percentyl według liczby udzielonych odpowiedzi

Procent ludzi z każdym wynikiem

Twoja historia wyników

Nie rozwiązałeś tego quizu